Football Teams Royston Drenthe Played For - Statistics

General Stats
  • This quiz has been taken 16 times
  • The average score is 6 of 16
Answer Stats
League Years Team % Correct
Netherlands 2006-2007 Feyenoord
93%
Spain 2007-2010 Real Madrid
93%
Netherlands 2018-2019 Sparta Rotterdam
57%
England 2011-2012 Everton FC
50%
Turkey 2015 Kayseri Erciyesspor
36%
England 2014-2015 Sheffield Wednesday
36%
Russia 2013 FC Alania Vladikavkaz
29%
UAE 2015-2016 FC Baniyas
29%
England 2013-2014 FC Reading
29%
Spain 2010-2011 Hércules CF
29%
Netherlands 2019-2021 Kozakken Boys
29%
Netherlands 2023 Kozakken Boys
29%
Spain 2022-2023 Racing Mérida City FC
29%
Spain 2021-2022 Racing Murcia FC
29%
Spain 2022 Real Murcia CF
29%
Netherlands 2018 XerxesDZB Rotterdam
14%
No matching quizzes found
Score Distribution
Percent of People with Each Score
Percentile by Number Answered
Your Score History
You have not taken this quiz